<?xml version="1.0" encoding="UTF-8"?><?xml-stylesheet type="text/xsl" href="static/style.xsl"?><OAI-PMH xmlns="http://www.openarchives.org/OAI/2.0/" xmlns:xsi="http://www.w3.org/2001/XMLSchema-instance" xsi:schemaLocation="http://www.openarchives.org/OAI/2.0/ http://www.openarchives.org/OAI/2.0/OAI-PMH.xsd"><responseDate>2026-06-07T15:52:09Z</responseDate><request verb="GetRecord" identifier="oai:docta.ucm.es:20.500.14352/88891" metadataPrefix="marc">https://docta.ucm.es/rest/oai/request</request><GetRecord><record><header><identifier>oai:docta.ucm.es:20.500.14352/88891</identifier><datestamp>2025-03-18T14:10:05Z</datestamp><setSpec>com_20.500.14352_14</setSpec><setSpec>col_20.500.14352_15</setSpec></header><metadata><record xmlns="http://www.loc.gov/MARC21/slim" xmlns:dcterms="http://purl.org/dc/terms/" xmlns:xsi="http://www.w3.org/2001/XMLSchema-instance" xmlns:doc="http://www.lyncode.com/xoai" xsi:schemaLocation="http://www.loc.gov/MARC21/slim http://www.loc.gov/standards/marcxml/schema/MARC21slim.xsd">
   <leader>00925njm 22002777a 4500</leader>
   <datafield ind2=" " ind1=" " tag="042">
      <subfield code="a">dc</subfield>
   </datafield>
   <datafield ind2=" " ind1=" " tag="720">
      <subfield code="a">Giné Domínguez, Elena</subfield>
      <subfield code="e">author</subfield>
   </datafield>
   <datafield ind2=" " ind1=" " tag="720">
      <subfield code="a">Martínez Mora, María Del Carmen</subfield>
      <subfield code="e">author</subfield>
   </datafield>
   <datafield ind2=" " ind1=" " tag="720">
      <subfield code="a">Sanz Miguel, María Del Carmen</subfield>
      <subfield code="e">author</subfield>
   </datafield>
   <datafield ind2=" " ind1=" " tag="720">
      <subfield code="a">Nombela, Cristina</subfield>
      <subfield code="e">author</subfield>
   </datafield>
   <datafield ind2=" " ind1=" " tag="720">
      <subfield code="a">Castro San Miguel, Fernando De</subfield>
      <subfield code="e">author</subfield>
   </datafield>
   <datafield ind2=" " ind1=" " tag="260">
      <subfield code="c">2019</subfield>
   </datafield>
   <datafield ind2=" " ind1=" " tag="520">
      <subfield code="a">At the beginning of the 20th century, in view of the growing international recognition of Santiago Ramón y Cajal, the Spanish authorities took some important steps to support Cajal’s scientific work. This recognition peaked in 1906, when Camillo Golgi and Santiago Ramón y Cajal shared the Nobel Prize in Physiology or Medicine. The Spanish government provided Cajal a state-of-the-art laboratory in Madrid to allow him to continue with his research and they funded salaries to pay his first tenured collaborators, the number of which increased further after the creation of the Junta para Ampliación de Estudios (JAE). The JAE was an organism set up to help promising researchers develop their careers in different ways, thereby contributing to the development of science in Spain. Although largely forgotten or relatively unknown, there has been a recent revival in the recognition of the school that developed around Cajal, collectively referred to as the Spanish Neurological School (or colloquially, as the Cajal School or School of Madrid). Almost all Cajal’s collaborators were men, although a limited number of female scientists spent part of their careers at the heart of the Cajal School. Here we discuss these women and their work in the laboratory in Madrid. We have tracked the careers of Laura Forster (from Australia/United Kingdom), Manuela Serra, María Soledad Ruiz-Capillas and María Luisa Herreros (all Spanish), through their scientific publications, both in the journal founded by Cajal and elsewhere, and from other documentary sources. To complete the picture, we also outline the careers of other secondary figures that contributed to the production and running of Cajal’s laboratory in Madrid. We show here that the dawn of Spanish neuroscience included a number of contributions from female researchers who to date, have received little recognition.</subfield>
   </datafield>
   <datafield ind1="8" ind2=" " tag="024">
      <subfield code="a">Giné Domínguez, E., Martínez Mora, M. C., Sanz Miguel, M. C., Nombela, C. &amp; Castro San Miguel, F. «The Women Neuroscientists in the Cajal School». Frontiers in Neuroanatomy, vol. 13, julio de 2019, p. 72. DOI.org (Crossref), https://doi.org/10.3389/fnana.2019.00072.</subfield>
   </datafield>
   <datafield ind1="8" ind2=" " tag="024">
      <subfield code="a">1662-5129</subfield>
   </datafield>
   <datafield ind1="8" ind2=" " tag="024">
      <subfield code="a">10.3389/fnana.2019.00072</subfield>
   </datafield>
   <datafield ind1="8" ind2=" " tag="024">
      <subfield code="a">https://hdl.handle.net/20.500.14352/88891</subfield>
   </datafield>
   <datafield ind1="8" ind2=" " tag="024">
      <subfield code="a">https://doi.org/10.3389/fnana.2019.00072</subfield>
   </datafield>
   <datafield ind1="8" ind2=" " tag="024">
      <subfield code="a">https://www.frontiersin.org/articles/10.3389/fnana.2019.00072/</subfield>
   </datafield>
   <datafield ind2="0" ind1="0" tag="245">
      <subfield code="a">The Women Neuroscientists in the Cajal School</subfield>
   </datafield>
</record></metadata></record></GetRecord></OAI-PMH>